Essais et conférences
Guardat en:
| Format: | Llibre |
|---|---|
| Idioma: | francès |
| Publicat: |
París
Gallimard
1958
|
| Col·lecció: | Collection Tel
|
| Matèries: | |
| Etiquetes: |
Afegir etiqueta
Sense etiquetes, Sigues el primer a etiquetar aquest registre!
|
MARC
| LEADER | 00000nam a2200000 a 4500 | ||
|---|---|---|---|
| 001 | UCZ3040 | ||
| 003 | CL-VaPUC | ||
| 008 | 951013e19580000FR |||||||||||||||||fre|d | ||
| 082 | 0 | 4 | |a 142.7 |b HEI |2 21 |
| 245 | 1 | 0 | |a Essais et conférences |
| 300 | |a 349 p | ||
| 942 | |c BK | ||
| 945 | |d 19951013 00:00:00 |a cmena | ||
| 260 | |a París |b Gallimard |c 1958 | ||
| 650 | 0 | |a Existencialismo |9 265698 | |
| 650 | 0 | |a Escuelas filosóficas |9 266232 | |
| 650 | 0 | |a Filosofía alemana |9 265002 | |
| 650 | 0 | |a Metafísica |9 265649 | |
| 650 | 0 | |a Ciencia |9 255691 | |
| 650 | 0 | |a Cultura |9 269059 | |
| 583 | |a last modification |c 19951013 00:00:00 |k Rodrigo Vera | ||
| 490 | 0 | |a Collection Tel | |
| 999 | |c 239569 |d 239567 | ||
| 952 | |0 0 |1 0 |4 0 |6 142_700000000000000_HEI_1958 |7 0 |8 P |9 250819 |a BIBEDU |b BIBEDU |d 2019-11-18 |i 1583298 |o 142.7 HEI 1958 |p 1583298 |r 2019-11-18 |w 2019-11-18 |y BK |k FIL | ||
| 952 | |0 0 |1 0 |4 0 |6 142_700000000000000_HEI_1958 |7 0 |8 A |9 250820 |a BIBARQ |b BIBARQ |d 2019-11-18 |i 397135K |o 142.7 HEI 1958 |p 397135K |r 2025-01-20 |w 2019-11-18 |y BK |k ARQ | ||